=LDR 00000nam 2200000 4500 =001 INLIS000000000003691 =005 20140528144817.0 =006 =007 =008 Ind =035 ##$$a 0010-061300000003691 =041 ##$$a Ind =082 ##$$a 515.72 =090 ##$$a 515.72, Cou p =100 ##$$a Coughlin, Robert F =245 ##$$a Penguat operasional dan rangkaian terpadu linear, Robert F. Coulin, Frederik F. Driscoll =260 ##$$a 1994 $b Jakarta =300 ##$$a xxiii, 400 hlm., ilus., 21 cm =650 ##$$a Linier operasional =700 ##$$a Driscoll, Frederick F =850 ##$$a NBPNMAT